| 000 | 00430cam a2200181ua 4500 | ||
|---|---|---|---|
| 020 | _c1.00 | ||
| 041 |
_amal _h |
||
| 082 |
_a894.301 _bPOT/IT |
||
| 100 | _aPottekkad, D M . | ||
| 245 |
_aIthum premamanu / _cD M Pottekkad. _hTextual Documents |
||
| 250 |
_a1 / _b. |
||
| 260 |
_aKodungallur : _bKerala Book House , _c1959. |
||
| 300 | _a106 ; . | ||
| 365 | _a1.00 | ||
| 504 | _a | ||
| 942 | _cBK | ||
| 999 |
_c5165 _d5165 |
||